True or False: Language Quiz Stats

 Plays Quiz Updated Mar 8, 2019

Score 0/30 Timer 04:00
0 Plays Today
Hint True/ False % Correct
The ~ symbol is called a 'tilde'???
78.8%
South Africa has 11 official languages???
78.6%
'Hombre' is Spanish for 'man'???
77.6%
'Z' is the least frequently occurring letter in the OED???
71.8%
Bengali is the most spoken language in India???
71.7%
'Kock' is Swedish for 'chef'???
70.8%
'Cheval' is French for 'cow'???
66.8%
The Rosetta Stone contains an Ancient Greek section???
66.2%
The dot above an 'i' or 'j' is called a 'tittle'???
65.1%
There are 24 letters in the Greek alphabet???
64.5%
The word 'trivia' is an adjective???
63.8%
In Welsh a microwave is known as a 'popty ping'???
63.3%
Portuguese is the official language of Mozambique???
61.8%
Spanish is the official language of Suriname???
61.1%
'To', 'Too', and 'Two' are heteronyms???
60.4%
Hint True/ False % Correct
There are no single word anagrams of the word 'anagram'???
56.6%
'The' is the most common word in the English language???
55.5%
There are more native Japanese speakers than native French speakers???
55.4%
Another name for the '@' symbol is an 'octothorpe'???
54.1%
More living languages originate in N/S America than Europe???
49.2%
Nigeria is the country with most indigenous languages???
47.1%
More people speak Wu Chinese than Cantonese???
45.2%
More people speak Kyrgyz than Uzbek???
44.5%
German is one of the official languages of the UN???
44.3%
The language of 'Malayalam' is the longest OED palindrome???
43.9%
The top row of a Dvorak keyboard is 'D V O R A K I L M'???
40.9%
There is no German word meaning 'fluffy'???
40.3%
Currently over 10,000 languages are spoken worldwide???
33.6%
There are more 5 letter words than 12 letter words???
30.7%
The Russian Cyrillic alphabet contains 29 letters???
26.8%

You're not logged in!

Compare scores with friends on all Sporcle quizzes.
OR
Log In

Sporcle TV

Today on Sporcle TV


Watch our educational content, quiz creation guides, and fun videos on Sporcle TV.

Show Comments

Extras

Top Quizzes Today


Score Distribution

Your Account Isn't Verified!

In order to create a playlist on Sporcle, you need to verify the email address you used during registration. Go to your Sporcle Settings to finish the process.

Report this User

Report this user for behavior that violates our Community Guidelines.

Details: